Arbitration in Scotland (Record no. 77559)

MARC details
000 -LEADER
fixed length control field 01168cab a2200253 4500
001 - CONTROL NUMBER
control field ##L134556
008 - FIXED-LENGTH DATA ELEMENTS--GENERAL INFORMATION
fixed length control field 060816n2006 000 0 eng u
035 ## - SYSTEM CONTROL NUMBER
System control number (Sirsi) u134556
041 0# - LANGUAGE CODE
Language code of text/sound track or separate title eng
100 1# - MAIN ENTRY--PERSONAL NAME
Personal name Dervaird, John Murray
Titles and words associated with a name Lord
Dates associated with a name 1935-
245 00 - TITLE STATEMENT
Title Arbitration in Scotland
Remainder of title a new era dawns
260 ## - PUBLICATION, DISTRIBUTION, ETC.
Date of publication, distribution, etc. 2006
490 #0 - SERIES STATEMENT
Series statement Scots Law Times
Volume/sequential designation 20 23 June 2006, 125-130(6)
490 #0 - SERIES STATEMENT
Series statement Scots Law Times
Volume/sequential designation 21 30 June 2006, 133-136(4)
520 ## - SUMMARY, ETC.
Summary, etc. The first part of this two part article traces the historical development of the law in Scotland relating to arbitration, and highlights some of the problem areas, such as severability and agreements to arbitrate, and looks at procedure and awards. The second part considers the main provisions of the Arbitration (Scotland) Bill 2002, which is awaiting enactment.
650 24 - SUBJECT ADDED ENTRY--TOPICAL TERM
Topical term or geographic name entry element ARBITRATION (SCOTLAND) BILL
650 24 - SUBJECT ADDED ENTRY--TOPICAL TERM
Topical term or geographic name entry element SCOTTISH ARBITRATION CODE
651 #4 - SUBJECT ADDED ENTRY--GEOGRAPHIC NAME
Geographic name Scotland
Chronological subdivision 1999-
690 ## - LOCAL SUBJECT ADDED ENTRY--TOPICAL TERM (OCLC, RLIN)
Topical term or geographic name as entry element MANAGEMENT-DISPUTE AVOIDANCE, MANAGEMENT AND RESOLUTION-DISPUTE MANAGEMENT AND RESOLUTION-ARBITRATION
700 1# - ADDED ENTRY--PERSONAL NAME
Personal name Campbell, John D.
700 1# - ADDED ENTRY--PERSONAL NAME
Personal name Walker, Stephen P.
700 1# - ADDED ENTRY--PERSONAL NAME
Personal name Dundas, Hew R.
942 ## - ADDED ENTRY ELEMENTS (KOHA)
Suppress in OPAC 0
Holdings
Withdrawn status Lost status Source of classification or shelving scheme Damaged status Not for loan Home library Current library Shelving location Date acquired Total Checkouts Full call number Barcode Date last seen Copy number Price effective from Koha item type
    Dewey Decimal Classification     London London Journal article 16/08/2006   L134556 134556-1001 06/08/2019 1 06/08/2019 Journal article